Представление документа в формате RUSMARC

ПолеНазваниеЗначение
  Тип записи a
  Библиографический уровень m
001 Контрольный номер RU/SLIB/B/208707096
005 Дата корректировки 20201206203855.3
010 Индекс ISBN __
d Цена 40-30
101 Язык документа 0_
a Язык текста eng
200 Заглавие и сведения об ответственности 1_
a Заглавие О Соединенных Штатах Америки
e Сведения, относящиеся к заглавию сб. текстов для чтения на англ. яз. для ст. сред. шк.
f Первые сведения об ответственности сост.: Е. А. Костина
b Общее обозначение материала Текст
210 Выходные данные __
a Место издания М.
c Издательство Моск. лицей
d Дата издания 1998
215 Физическое описание __
a Объем 159 с.
606 Тематические рубрики __
a Основная рубрика Языкознание
606 Тематические рубрики __
a Основная рубрика Германские языки
610 Ключевые слова __
a Ключевые слова учебная программа; языки (языкознание); английский язык
686 Индексы других классификаций __
2 Код системы rubbks
a Классификационный индекс 81.432.1я72-3
702 Вторичная интеллектуальная ответственность _1
a Фамилия Костина
b Имя Е. А.
4 Код отношения Составитель
4 Код отношения 220
801 Источник записи _0
a Страна RU
b Организация Муниципальное бюджетное учреждение культуры "Централизованная библиотечная система" г. Сургут (Центральная городская библиотека им. А. С. Пушкина)
g Правила каталогизации ОБ/Шулаева
801 Источник записи _1
a Страна RU
b Организация Муниципальное бюджетное учреждение культуры "Централизованная библиотечная система" г. Сургут (Центральная городская библиотека им. А. С. Пушкина)
g Правила каталогизации ОБ/Шулаева
852 Данные о местонахождении __
j Шифр хранения 81.432.1я72-3
c Каталожный индекс 81.2Англ-93
i Авторский знак О-11
p Инвентарный номер 74003
901 Тип документа __
t Тип документа m
903 Характеристики (МАРС) __
a Дата передачи 19991225
969 Тип издания __
a Тип издания пособие; книга для чтения
990 Данные о заказе (DOS) __
j Количество экземпляров (DOS) 2
t N записи в КСУ для И/У (DOS) 200001